Problems and prospects of rubberwood utilisation in India (Record no. 48116)

MARC details
000 -LEADER
fixed length control field 00709nam a2200121Ia 4500
100 ## - MAIN ENTRY--AUTHOR NAME
Personal name Prakash G K
245 #0 - TITLE STATEMENT
Title Problems and prospects of rubberwood utilisation in India
260 ## - PUBLICATION, DISTRIBUTION, ETC. (IMPRINT)
Name of publisher In: Proceedings of the International Rubberwood Seminar, 21-22 May 1990, Kuala Lumpur, Malaysia, pp.81-85.
Year of publication 1990
520 ## - SUMMARY, ETC.
Summary, etc The paper deals with the statistical analysis on the availability, consumption etc of rubber wood in India. It also highlights the current fields of utilization, preservative treatments adopted, seasoning technologies and marketing potentialities and future prospective of rubber wood in India.
650 ## - SUBJECT ADDED ENTRY--TOPICAL TERM
Topical Term Rubberwood preservation
942 ## - ADDED ENTRY ELEMENTS (KOHA)
Koha item type Bibliography RLWO
Holdings
Withdrawn status Lost status Damaged status Not for loan Home library Current library Date acquired Koha item type
      Bibliography RRII Library RRII Library 31/12/2021 Bibliography RLWO